Представление документа в формате MARC21

ПолеНазваниеЗначение
  Тип записи a
  Библиографический уровень m
001 Контрольный номер RU\infra-m\znanium\bibl\1893845
005 Дата корректировки 20230313235249.7
008 Кодируемые данные 220615s2022 RU g rus u
020 Индекс ISBN __
a ISBN 978-5-16-010866-7
020 Индекс ISBN __
a ISBN 978-5-16-102742-4
040 Источник каталогиз. __
a Служба первич. каталог. Общество с ограниченной ответственностью «ЗНАНИУМ»
041 Код языка издания __
a Код языка текста rus
044 Код страны публикации __
a Код страны публикации RU
080 Индекс УДК __
a Индекс УДК 332
084 Индекс другой классификации/Индекс ББК __
2 Источник индекса rubbk
a Индекс другой классификации/Индекс ББК 37.279
084 Индекс другой классификации/Индекс ББК __
2 Источник индекса okso
a Индекс другой классификации/Индекс ББК 21.04.02
084 Индекс другой классификации/Индекс ББК __
2 Источник индекса okso
a Индекс другой классификации/Индекс ББК 08.04.01
084 Индекс другой классификации/Индекс ББК __
2 Источник индекса okso
a Индекс другой классификации/Индекс ББК 07.04.04
084 Индекс другой классификации/Индекс ББК __
2 Источник индекса okso
a Индекс другой классификации/Индекс ББК 21.03.02
084 Индекс другой классификации/Индекс ББК __
2 Источник индекса okso
a Индекс другой классификации/Индекс ББК 07.03.04
084 Индекс другой классификации/Индекс ББК __
2 Источник индекса okso
a Индекс другой классификации/Индекс ББК 08.03.01
100 Автор __
a Автор Романова Анна Ильинична
q Полное имя Анна Ильинична
245 Заглавие __
a Заглавие Формирование доступной среды жилищного фонда
b Продолж. заглавия Монография
c Ответственность Казанский государственный архитектурно-строительный университет
250 Сведения об издании __
a Основные сведения об издании 1
260 Выходные данные __
a Место издания Москва
b Издательство ООО "Научно-издательский центр ИНФРА-М"
c Дата издания 2023
300 Физическое описание __
a Объем 157 с.
440 Серия __
a Серия Научная мысль
520 Аннотация __
a Аннотация Улучшение качества жилой среды является основополагающим фактором поступательного развития общества и страны в целом. Сегодня можно констатировать тенденцию роста объемов вводимого жилья практически во всех регионах страныоднако значительная часть жилимпюго фонда и городах страны не удовлетворяет потребности населении по качественным характеристикам техническому содержанию и уровню благоустройства.
521 Примеч. о цел. назн. __
a Примеч. о целев. назн. Дополнительное профессиональное образование
650 Тематические рубрики __
a Основная рубрика Строительство
x Основная подрубрика Гражданское строительство
700 Другие авторы __
a Другие авторы Буркеев Данил Оскарович
q Полное имя Данил Оскарович
856 Электронный адрес документа 4_
a Имя сервера/домена znanium.com
m Помощь ebs_support@infra-m.ru
n Местонахождение сервера НИЦ ИНФРА-М
u URL https://znanium.com/catalog/document?id=414878
856 Электронный адрес документа 41
a Имя сервера/домена znanium.com
d Путь /cover/1893
f Электронное имя 1893845.jpg
q Тип электронного формата image/jpeg
u URL https://znanium.com/cover/1893/1893845.jpg
911 __
u 0030=https://znanium.com/catalog/document?id=414878
911 __
u 608a=Монография
u 6082=local
911 __
u 9033=845
911 __
u 951p=s://znanium.com/catalog/document?id=414878&pid=